000
00320nam a2200109Ia 4500
008
200302s9999 xx 000 0 und d
100
_a
Peter J. Trowbridge & Other
245
_a
Trees in the Urban Landscape Site Assessment, Design and Installation
260
_b
John Wiley & Sons Ltd.
260
_c
2004
300
_a
207 P.,
999
_c
5899
_d
5899